000 00717nam a2200193 i 4500
001 13438
003 ES-MaACL
005 20230906150557.0
007 t|
008 980317s1995 fr ||||1| fre d
020 _a92-64-24553-7
080 _a37.012
245 0 3 _aLa recherche et le développement en matière d'enseignement
_b: tendances, résultats et défis /
_cCentre pour la Recherche et l'Innovation dans l'Enseignement.
260 _aParis :
_bOrganisation de Coopération et de Développement Economiques,
_ccop. 1995.
300 _a202 p. ;
_c23 cm.
650 1 4 _aEnseñanza.
_912279
710 2 _aOrganización de Cooperación y Desarrollo Económico.
_9167502
852 _aES-MaACL
_jL-20708
_bR.124684
999 _c13438
_d13438